[Event "Hessen-chA"]
[Site "Korbach"]
[Date "2013.03.29"]
[Round "5"]
[White "Neumark, Thomas"]
[Black "Sorial, Hanna"]
[Result "1/2-1/2"]
[WhiteElo "2234"]
[BlackElo "2285"]
[PlyCount "103"]
[EventDate "2013.03.27"]
[EventType "swiss"]
[EventRounds "7"]
[EventCountry "GER"]
[SourceTitle "EXT 2014"]
[Source "ChessBase"]
[SourceDate "2013.11.20"]
[SourceVersion "1"]
[SourceVersionDate "2013.11.20"]
[SourceQuality "1"]

1. e4 e6 2. d4 d5 3. Nc3 Nf6 4. Bg5 Be7 5. e5 Nfd7 6. Bxe7 Qxe7 7. f4 a6 8. Nf3 c5 9. dxc5 Nc6 10. Bd3 Nxc5 11. 0-0 f6 12. exf6 Qxf6 13. Ng5 Nxd3 14. Qxd3 h6 15. Nf3 0-0 16. g3 Bd7 17. a4 Be8 18. Rae1 Bg6 19. Qd2 Bf5 20. Rf2 Rac8 21. Ne5 Nxe5 22. Rxe5 Qd8 23. Qd1 Kh8 24. g4 d4 25. Ne4 Bh7 26. Nc5 Qd6 27. Nd3 Bxd3 28. Qxd3 Rxf4 29. Rxf4 Qxe5 30. Re4 Qg5 31. Rxd4 Qc1+ 32. Kg2 Qxc2+ 33. Kg3 Qxd3+ 34. Rxd3 Rc4 35. Rb3 Rxa4 36. Rxb7 a5 37. Ra7 Kg8 38. h4 Kf8 39. h5 e5 40. Kh4 Ra2 41. b4 a4 42. b5 Ke8 43. b6 Rb2 44. Rxg7 Rxb6 45. Ra7 e4 46. Rxa4 Re6 47. Ra2 Kf7 48. Kg3 e3 49. Re2 Kf6 50. Kf4 Ra6 51. Rxe3 Ra4+ 52. Kg3 1/2-1/2

[Event "Hessen-chA"]
[Site "Korbach"]
[Date "2013.03.28"]
[Round "2"]
[White "Bekkink, Sereyo"]
[Black "Sorial, Hanna"]
[Result "0-1"]
[WhiteElo "1887"]
[BlackElo "2285"]
[PlyCount "114"]
[EventDate "2013.03.27"]
[EventType "swiss"]
[EventRounds "7"]
[EventCountry "GER"]
[SourceTitle "EXT 2014"]
[Source "ChessBase"]
[SourceDate "2013.11.20"]
[SourceVersion "1"]
[SourceVersionDate "2013.11.20"]
[SourceQuality "1"]

1. e4 e6 2. d4 d5 3. e5 c5 4. c3 Ne7 5. a3 a5 6. Nf3 Nd7 7. Bd3 Nc6 8. 0-0 Be7 9. Be3 0-0 10. Nbd2 cxd4 11. cxd4 f5 12. Nb3 Kh8 13. Qd2 Qb6 14. Nc1 f4 15. Bxf4 Nxd4 16. Nxd4 Qxd4 17. Ne2 Qb6 18. Qc2 h6 19. Qd2 g5 20. Be3 d4 21. Bxd4 Bc5 22. Qe3 Bxd4 23. Nxd4 Rf4 24. Nb5 Qxe3 25. fxe3 Rxf1+ 26. Rxf1 Nxe5 27. Rf8+ Kg7 28. Rd8 Ra6 29. Rxc8 Nxd3 30. Rc7+ Kf6 31. Rxb7 Rc6 32. Nc3 Nxb2 33. Ne4+ Ke5 34. Rxb2 Kxe4 35. Kf2 h5 36. Rb5 e5 37. Rxa5 Rc2+ 38. Kf1 h4 39. h3 Ra2 40. Kg1 Ra1+ 41. Kf2 Ra2+ 42. Kf1 Rc2 43. a4 Ra2 44. Kg1 Re2 45. Rb5 Rxe3 46. Rb4+ Kf5 47. a5 Ra3 48. Rb5 Kf4 49. Kf1 e4 50. Kf2 Ra2+ 51. Kf1 Ke3 52. Rb3+ Kd4 53. Rb4+ Kd3 54. Rb5 Ra1+ 55. Kf2 e3+ 56. Kf3 e2 57. Rd5+ Kc4 0-1

[Event "Hessen-chA"]
[Site "Korbach"]
[Date "2013.03.28"]
[Round "3"]
[White "Sorial, Hanna"]
[Black "Zatschek, Mark"]
[Result "1/2-1/2"]
[WhiteElo "2285"]
[BlackElo "2148"]
[PlyCount "39"]
[EventDate "2013.03.27"]
[EventType "swiss"]
[EventRounds "7"]
[EventCountry "GER"]
[SourceTitle "EXT 2014"]
[Source "ChessBase"]
[SourceDate "2013.11.20"]
[SourceVersion "1"]
[SourceVersionDate "2013.11.20"]
[SourceQuality "1"]

1. Nf3 Nf6 2. g3 g6 3. Bg2 Bg7 4. 0-0 0-0 5. d3 d6 6. e4 e5 7. Nc3 h6 8. h3 Be6 9. Be3 Nbd7 10. Qd2 Kh7 11. d4 d5 12. dxe5 Nxe4 13. Nxe4 dxe4 14. Nd4 Bc4 15. Rfd1 Nxe5 16. Bxe4 Bd5 17. Bxd5 Qxd5 18. Qe2 c5 19. Nb3 Nf3+ 20. Kf1 1/2-1/2

[Event "Tripoli op"]
[Site "Tripoli"]
[Date "2010.03.05"]
[Round "8"]
[White "Mohammad, Samir"]
[Black "Sorial, Hanna"]
[Result "0-1"]
[WhiteElo "2347"]
[BlackElo "2264"]
[PlyCount "104"]
[EventDate "2010.02.27"]
[EventType "swiss"]
[EventRounds "9"]
[EventCountry "LBY"]
[SourceTitle "CBM 135 Extra"]
[Source "ChessBase"]
[SourceDate "2010.05.04"]
[SourceVersion "1"]
[SourceVersionDate "2010.05.04"]
[SourceQuality "1"]

1. d4 Nf6 2. c4 g6 3. Nc3 Bg7 4. e4 d6 5. Nf3 0-0 6. Be2 Nbd7 7. 0-0 e5 8. Be3 h6 9. dxe5 dxe5 10. Qc2 c6 11. Rfd1 Qe7 12. Na4 Ng4 13. Bd2 Nb6 14. Nxb6 axb6 15. h3 Nf6 16. Be3 c5 17. Nd2 Rd8 18. Nb1 Rd4 19. Nc3 Be6 20. Bxd4 exd4 21. Nd5 Bxd5 22. exd5 Nd7 23. Bf1 Qf6 24. Qe4 Bf8 25. g3 Bd6 26. h4 h5 27. f4 Qg7 28. Bh3 Nf6 29. Qd3 Kh8 30. a4 Ng8 31. Re1 Nh6 32. Ra3 Qf8 33. Qb3 Re8 34. Raa1 Rxe1+ 35. Rxe1 Qd8 36. Kg2 Ng8 37. a5 Bc7 38. axb6 Bxb6 39. f5 Ba5 40. Re2 g5 41. hxg5 Qxg5 42. d6 Nf6 43. Qd3 h4 44. Re7 Nh5 45. Qf3 hxg3 46. Bg4 Qd2+ 47. Kg1 Qh2+ 48. Kf1 Nf4 49. Re8+ Kh7 50. Re2 Nxe2 51. f6 Nf4 52. Bf5+ Kh8 0-1

[Event "Arab Clubs-chT 11th"]
[Site "Tunis"]
[Date "2009.12.14"]
[Round "4"]
[White "Nassar, Marwan"]
[Black "Sorial, Hanna"]
[Result "0-1"]
[WhiteElo "2099"]
[BlackElo "2244"]
[PlyCount "66"]
[EventDate "2009.12.12"]
[EventType "team-swiss"]
[EventRounds "9"]
[EventCountry "TUN"]
[SourceTitle "EXT 2020"]
[Source "ChessBase"]
[SourceDate "2019.10.17"]
[SourceVersion "1"]
[SourceVersionDate "2019.10.17"]
[SourceQuality "1"]
[WhiteTeam "Al Riady Club"]
[BlackTeam "General Security"]
[WhiteTeamCountry "LBN"]
[BlackTeamCountry "LBY"]

1. Nf3 Nf6 2. d4 g6 3. Bf4 Bg7 4. e3 d6 5. h3 0-0 6. Be2 Nbd7 7. 0-0 b6 8. Nbd2 Bb7 9. c4 c5 10. d5 Nh5 11. Qc2 Nxf4 12. exf4 b5 13. Rad1 bxc4 14. Nxc4 Nb6 15. Ne3 e6 16. dxe6 fxe6 17. Ng5 Qe7 18. Bg4 Rxf4 19. Bxe6+ Kh8 20. Nf7+ Rxf7 21. Bxf7 Qxf7 22. b3 Bd4 23. a4 Nd5 24. Qc4 Rf8 25. Ng4 Qf4 26. Qb5 Ba8 27. Rde1 h5 28. Re8 Nc7 29. Rxf8+ Qxf8 30. Qd7 hxg4 31. Qxc7 g3 32. Qxa7 Bxf2+ 33. Kh1 Qc8 0-1

[Event "Cairo zt 4.2"]
[Site "Cairo"]
[Date "2000.06.07"]
[Round "2"]
[White "El Taher, Fouad"]
[Black "Sorial, Hanna"]
[Result "1-0"]
[WhiteElo "2471"]
[BlackElo "2316"]
[PlyCount "65"]
[EventDate "2000.06.03"]
[EventType "tourn"]
[EventRounds "9"]
[EventCountry "EGY"]
[EventCategory "3"]
[SourceTitle "CBM 076 Extra"]
[Source "ChessBase"]
[SourceDate "2000.07.11"]
[SourceVersion "1"]
[SourceVersionDate "2000.07.11"]
[SourceQuality "1"]

1. e4 e6 2. d4 d5 3. Nc3 Nf6 4. Bg5 Be7 5. e5 Nfd7 6. Bxe7 Qxe7 7. f4 a6 8. Nf3 c5 9. dxc5 Nc6 10. Bd3 Nxc5 11. 0-0 0-0 12. Bxh7+ Kxh7 13. Ng5+ Kg6 14. Qg4 Nxe5 15. Qh4 f5 16. Rae1 Ne4 17. Qh7+ Kf6 18. Ncxe4+ dxe4 19. Nxe4+ Kf7 20. fxe5 Ke8 21. Rd1 Bd7 22. Nd6+ Kd8 23. Nxb7+ Kc7 24. Nd6 Rab8 25. Qh3 Bc6 26. Qe3 Rxb2 27. Qa7+ Rb7 28. Nxb7 Bxb7 29. Rf3 Qb4 30. Rb3 Ra8 31. Rxb4 Rxa7 32. Rc4+ Kb8 33. Rd8+ 1-0

[Event "Tanta op 3rd"]
[Site "Tanta"]
[Date "2000.05.07"]
[Round "5"]
[White "El Arousy, Abdul Hameed"]
[Black "Sorial, Hanna"]
[Result "1-0"]
[WhiteElo "2319"]
[BlackElo "2316"]
[PlyCount "109"]
[EventDate "2000.05.03"]
[EventType "swiss"]
[EventRounds "9"]
[EventCountry "EGY"]
[SourceTitle "CBM 076 Extra"]
[Source "ChessBase"]
[SourceDate "2000.07.11"]
[SourceVersion "1"]
[SourceVersionDate "2000.07.11"]
[SourceQuality "1"]

1. e4 e5 2. Nf3 Nf6 3. Nxe5 d6 4. Nf3 Nxe4 5. Nc3 Nxc3 6. dxc3 Be7 7. Bf4 Bf5 8. Qd2 0-0 9. 0-0-0 Nd7 10. Kb1 Nc5 11. Nd4 Bg6 12. f3 c6 13. c4 d5 14. g4 Ne6 15. Nxe6 fxe6 16. Qe3 Kh8 17. Bg3 Qb6 18. Qxb6 axb6 19. Re1 Rxf3 20. Rxe6 Rf7 21. cxd5 cxd5 22. Bg2 Rc8 23. Re2 Rd8 24. Bc7 Rd7 25. Bxb6 d4 26. Be4 Bg5 27. Bf5 Be3 28. Bxd4 Bxf5 29. gxf5 Rxd4 30. Rxe3 h6 31. Rf3 g5 32. Kc1 Kg7 33. c3 Re4 34. Rd1 g4 35. Rf2 h5 36. Rd6 Kh7 37. Kd2 Re8 38. Rb6 Rd7+ 39. Kc2 Rf7 40. Kd3 Rd7+ 41. Kc4 Re4+ 42. Kc5 h4 43. Re6 Ra4 44. b4 Ra3 45. c4 g3 46. Rf4 h3 47. Rh4+ Kg8 48. hxg3 Rxg3 49. Rg6+ Rg7 50. Rxg3 Rxg3 51. Kb6 Re3 52. c5 Kg7 53. Kxb7 Kf6 54. c6 Kg5 55. Rh8 1-0

[Event "Golden Cleopatra op 3rd"]
[Site "Cairo"]
[Date "1999.04.19"]
[Round "9"]
[White "Sorial, Hanna"]
[Black "Sameeh, Hany"]
[Result "1/2-1/2"]
[WhiteElo "2266"]
[BlackElo "2260"]
[PlyCount "76"]
[EventDate "1999.04.11"]
[EventType "swiss"]
[EventRounds "9"]
[EventCountry "EGY"]
[SourceTitle "CBM 069 Extra"]
[Source "ChessBase"]
[SourceDate "1999.05.10"]
[SourceVersion "1"]
[SourceVersionDate "1999.05.10"]
[SourceQuality "1"]

1. Nf3 d5 2. g3 e6 3. Bg2 c5 4. 0-0 Nc6 5. b3 Be7 6. Bb2 Bf6 7. Nc3 Nge7 8. e3 Nf5 9. Qc1 Nd6 10. Na4 b6 11. c4 Bb7 12. cxd5 exd5 13. d4 cxd4 14. exd4 0-0 15. Ne5 Rc8 16. Qd1 Ne4 17. Rc1 Qd6 18. f4 Be7 19. Re1 f5 20. Qh5 g6 21. Qh6 Bf6 22. Red1 Qe7 23. Bf1 Bg7 24. Qh3 Nb8 25. Bd3 Nd7 26. Qf1 Qe6 27. Rxc8 Rxc8 28. Rc1 Qe8 29. Nc3 a6 30. Nxe4 fxe4 31. Be2 Rxc1 32. Qxc1 Qc8 33. Qd1 Qc7 34. h4 Nf8 35. Bg4 Bc8 36. Be2 b5 37. Qd2 Bf6 38. Kf2 Be7 1/2-1/2

[Event "Tanta op 2nd"]
[Site "Tanta"]
[Date "1998.11.18"]
[Round "3"]
[White "Jirovsky, Milos"]
[Black "Sorial, Hanna"]
[Result "1-0"]
[WhiteElo "2435"]
[BlackElo "2245"]
[PlyCount "91"]
[EventDate "1998.11.16"]
[EventType "swiss"]
[EventRounds "9"]
[EventCountry "EGY"]
[SourceTitle "CBM 067 Extra"]
[Source "ChessBase"]
[SourceDate "1999.01.01"]
[SourceVersion "1"]
[SourceVersionDate "1999.01.01"]
[SourceQuality "1"]

1. Nf3 Nf6 2. c4 g6 3. g3 Bg7 4. Bg2 0-0 5. 0-0 d6 6. d4 c6 7. Nc3 Qa5 8. e4 e5 9. h3 Nbd7 10. Re1 Re8 11. d5 cxd5 12. cxd5 a6 13. a3 b5 14. Be3 Bb7 15. b4 Qd8 16. Nd2 Rc8 17. Qb3 Nh5 18. a4 bxa4 19. Nxa4 f5 20. Nc4 f4 21. Bd2 Qf6 22. Na5 Ba8 23. Rac1 Qf8 24. Qd3 Bh6 25. Rcd1 fxg3 26. fxg3 Bxd2 27. Rxd2 Qh6 28. Rf2 Rf8 29. Ref1 Rc1 30. Rxf8+ Nxf8 31. Nb6 Rxf1+ 32. Bxf1 Qg5 33. Kh2 Qf6 34. Nxa8 Qf2+ 35. Bg2 Nd7 36. Nc7 Ndf6 37. Ne6 h6 38. Nc4 g5 39. Qf3 Qe1 40. Nxd6 Qxb4 41. Nf5 Kh7 42. Ne3 Qe1 43. Ng4 Nxg4+ 44. hxg4 Nf4 45. Qb3 Kg6 46. Qb7 1-0